| 000 | 00426nam a2200181Ia 4500 | ||
|---|---|---|---|
| 005 | 20250423095609.0 | ||
| 008 | 250422s9999 xx 000 0 und d | ||
| 020 | _a9781138694828 | ||
| 050 | _aRA 776 .H43/ | ||
| 100 | _aPrestwich, Andrew. | ||
| 245 | 0 | _aHealth behavior change | |
| 260 | _aNew York | ||
| 260 | _bRoutledge | ||
| 260 | _c2024 | ||
| 300 | _aix, 273p.: ill. | ||
| 650 | _aHealth behavior. | ||
| 942 | _cBK | ||
| 999 |
_c30755 _d30755 |
||